000 00888nam a2200229 a 4500
001 BRCA_7607
005 20190320205917.0
008 270613s2013----mx-a######---#000-0#spa-#
020 _a9786076052099
041 _aspa
044 _amx
050 4 _aND813.S6
_b.P76 2013
245 1 0 _aProdigios de la luz
_bSorolla y sus contemporáneos.
260 _aMéxico
_bInstituto Nacional de Bellas Artes y Literatura
_c2013
300 _a79 p.
_bil. a color
_c34 cm.
_e2 cuadrípticos y 3 invitaciones
500 _aCatálogo de la exposición realizada en el Museo Nacional de San Carlos (Ciudad de México) marzo, 2013
500 _aIncluye pieza de la colección Franz Mayer: p. 65
500 _a1 ejemplar en Biblioteca, 1 en el Área de Investigación y 1 en Oficina Jefatura
600 1 4 _aSorolla, Joaquín
_d1863-1923
_911937
650 1 4 _aPintores españoles
_97620
942 _2lcc
_cB
999 _c7281
_d7281